Statystyki dla Najmocniejsze militarnie państwa z 2005 roku.

Kliknij tutaj aby rozwiązać quiz!

Ogólne statystyki

  • Ten quiz został rozwiązany 92 razy
  • Średni wynik to 8 z 10

Statystyki odpowiedzi

Odpowiedź% Poprawnych
1.Stany Zjednoczone
100%
3.Rosja
99%
2.Chiny
98%
6.Wielka Brytania
86%
5.Indie
85%
9.Niemcy
85%
4.Pakistan
64%
7.Iran
57%
8.Korea Północna
54%
10.Izrael
42%

Rozkład punktacji

Percentyl według liczby udzielonych odpowiedzi

Procent ludzi z każdym wynikiem

Twoja historia wyników

Nie rozwiązałeś tego quizu